000 03101cam a2200505 i 4500
001 GVRL51OK
003 MiFhGG
005 20250820004435.0
006 m o d
007 cr un ---uuuua
008 210313t20222022paua ob 001 0 eng d
020 _a9781799838456
_q(electronic book)
020 _z9781799838449
_q(hardcover)
020 _z9781799881407
_q(paperback)
035 _a(OCoLC)1243907609
040 _aMiFhGG
_beng
_cMiFhGG
_erda
_epn
050 4 _aPN4731
_b.J65 2022
100 1 _aJohnson, Phylis,
_eauthor.
245 1 0 _aRedefining journalism in an age of technological advancements, changing demographics, and social issues /
_cby Phylis Johnson and Ian Punnett.
264 1 _aHershey, Pennsylvania :
_bInformation Science Reference,
_c[2022]
264 4 _c©2022
300 _a1 online resource (xxxii, 284 pages) :
_billustrations (some color).
336 _atext
_btxt
_2rdacontent
337 _acomputer
_bc
_2rdamedia
338 _aonline resource
_bcr
_2rdacarrier
490 1 _aPremier reference source
490 0 _aGale eBooks
490 1 _aAdvances in media, entertainment, and the arts (AMEA) book series,
_x2475-6814
490 0 _aGale eBooks
504 _aIncludes bibliographical references and index.
505 0 _aScience fiction author/physicist Ken Wharton, Ph.D. : a speculative view to the future of journalism -- Futurist forum of journalism (a discussion with futurists with Ian Punnett & Phylis Johnson) -- The science fiction of journalism (a look at world of the future confronting journalists, as expressed in popular science fiction books and films) / P. Johnson -- Journalism and media in virtual worlds / P. Johnson -- Future electronic media / P. Johnson -- Future radio / P. Johnson -- Future sports / P. Johnson -- Shoot for the moon : media in outer space / P. Johnson -- Election 2050 / P. Johnson -- Future Africa : journalism in the new world order / P. Johnson -- Conclusion: Future shock-and-roll : getting the job done in future times.
520 _aThis book investigates the impact of emerging technologies in journalism and how audiences engage with these technologies and news content in innovative ways. Identity and community are analyzed historically and culturally within the larger body of cultural and media studies.
588 _aDescription based on print version record.
650 0 _aJournalism
_xForecasting.
650 0 _aJournalism
_xTechnological innovations.
650 0 _aJournalism
_xSocial aspects.
700 1 _aPunnett, Ian,
_d1960-
_eauthor.
710 2 _aGale (Firm)
776 0 8 _iPrint version:
_tRedefining journalism in an age of technological advancements, changing demographics, and social issues.
_dHershey PA : Information Science Reference, [2022]
_z9781799838449
_w(DLC) 2021005803
830 0 _aPremier reference source.
830 0 _aAdvances in media, entertainment, and the arts (AMEA) book series.
856 4 0 _uhttps://link.gale.com/apps/pub/51OK/GVRL?sid=gale_marc&u=phurs
_zAvailable via Gale eBooks. Click here to access
912 _a51OK
942 _2lcc
_cE-BOOK
999 _c84324
_d84322